Brescia Calcio Squad 2019-2020 - Statistics

General Stats
  • This quiz has been taken 40 times
  • The average score is 16 of 34
Answer Stats
# Position Nation Player % Correct
1 GK Finland Jesse Joronen
85%
45 FW Italy Mario Balotelli
82%
9 FW Italy Alfredo Donnarumma
74%
4 MF Italy Sandro Tonali
74%
6 MF Albania Emanuele Ndoj
68%
- Coach Italy Eugenio Corini
65%
14 DF Venezuela Jhon Chancellor
65%
25 MF Italy Dimitri Bisoli
62%
11 FW Italy Ernesto Torregrossa
62%
18 FW France Florian Ayé
62%
7 MF Slovakia Nikolas Špalek
62%
15 DF Italy Andrea Cistana
59%
3 DF Czech Republic Aleš Matějů
50%
31 MF Iceland Birkir Bjarnason
47%
- Coach Uruguay Diego López
47%
12 GK Italy Lorenzo Andrenacci
47%
19 DF Italy Massimiliano Mangraviti
47%
2 DF Italy Stefano Sabelli
47%
- Coach Italy Fabio Grosso
44%
32 DF Italy Andrea Papetti
41%
26 DF Italy Bruno Martella
41%
27 MF Italy Daniele Dessena
38%
5 DF Italy Daniele Gastaldello
38%
8 MF Czech Republic Jaromír Zmrhal
38%
28 MF Italy Rômulo
38%
22 GK Italy Enrico Alfonso
35%
23 FW Italy Leonardo Morosini
29%
21 FW Italy Alessandro Matri
26%
23 FW Finland Simon Skrabb
24%
32 MF Italy Luca Tremolada
21%
24 MF Italy Mattia Viviani
18%
29 DF Italy Alessandro Semprini
15%
16 DF Brazil Felipe Curcio
15%
20 DF Italy Giangiacomo Magnani
15%
No matching quizzes found
Score Distribution
Percent of People with Each Score
Percentile by Number Answered
Your Score History
You have not taken this quiz